[Event "Zemplen Cup-B 10th"]
[Site "Sarospatak"]
[Date "2000.07.01"]
[Round "5.2"]
[White "Radi, Laszlo"]
[Black "Fekete, Sandor"]
[Result "1/2-1/2"]
[WhiteElo "1733"]
[BlackElo "1810"]
[PlyCount "45"]
[EventDate "2000.07.02"]
[EventType "swiss"]
[EventRounds "9"]
[EventCountry "HUN"]
[SourceTitle "EXT 2004"]
[Source "ChessBase"]
[SourceDate "2003.11.25"]
[SourceVersion "1"]
[SourceVersionDate "2003.11.25"]
[SourceQuality "1"]

1. e4 e6 2. d4 d5 3. Nc3 c6 4. a3 Nf6 5. Bg5 Be7 6. e5 Nfd7 7. Bxe7 Qxe7 8. Bd3 0-0 9. h4 f6 10. Nf3 fxe5 11. dxe5 Qc5 12. Rh3 Nxe5 13. Na4 Nxf3+ 14. Rxf3 Qe7 15. Rxf8+ Qxf8 16. Qh5 g6 17. Bxg6 hxg6 18. Qxg6+ Kh8 19. 0-0-0 Nd7 20. Rd3 Qg7 21. Qh5+ Qh7 22. Qe8+ Qg8 23. Qh5+ 1/2-1/2